| 000 | 00613nam a2200205 a 4500 | ||
|---|---|---|---|
| 008 | |||
| 049 | _aMAIN | ||
| 090 | _aQA76.9. | ||
| 245 | 1 | 3 |
_aIntroduction to databases : _busing microsoft excel/ _cNational Extension College. |
| 260 | 0 |
_aS.L.: _bNational Extension College, _c1999. |
|
| 300 |
_axii, 72 p. : _bill. ; _c25 cm. + _eCD-ROM. |
||
| 440 | _aLearndirect. | ||
| 500 | _aIncludes index. | ||
| 650 | 0 | _aDatabase management. | |
| 907 |
_a.b10133550 _b08-11-06 _c19-08-04 |
||
| 003 | |||
| 005 | 20230123133811.0 | ||
| 040 | _cNUST | ||
| 942 |
_cBOOKS _kQA76.9. |
||
| 999 |
_c154863 _d154863 |
||